| 000 | 00641nam a22001937a 4500 | ||
|---|---|---|---|
| 003 | BD-DhUL | ||
| 005 | 20170516175815.0 | ||
| 008 | 170516s2004 bg a|||| |||| 00| 0 ben c | ||
| 022 | _29847762600 | ||
| 040 |
_aBD-DhUL _cBD-DhUL |
||
| 082 |
_a891.44 _bRAR |
||
| 100 | 1 | _aশামসুর রাহমান | |
| 245 | 1 | 0 |
_aশামসুর রাহমান রচনাবলী / _cশামসুর রাহমান |
| 260 |
_aঢাকা : _bঐতিহ্য, _c২০০৪ |
||
| 300 |
_aখ. ; _c২২ সেমি |
||
| 650 | 0 | _aবাংলা সাহিত্য | |
| 650 | 0 | _aBangla Literature | |
| 942 |
_2ddc _cBK |
||
| 999 |
_c197962 _d197962 |
||